000 01049nam a2200217 a 4500
008 090526s1981 ||||||||||||||||| || u
050 _aGOV.ZAM(02)1981/7A
100 _aRao, Bhaskara N. S
245 1 0 _aMeteorology of Zambia
260 _aLusaka
_bGovernment Printer
_c1981
300 _a22-49pp.: ill.
350 _a0.00
500 _aPart I - III
650 _aMETEOROLOGY--ZAMBIA
700 _aAcharya, U. R
710 _aGovernment of the Republic of Zambia (GRZ)
710 _aGovernment of the Republic of Zambia. Meteorological Department
995 _aSPECIAL COLLECTIONS
_D0.00
_e03004061
_FCBU-MAIN LIBRARY (Kitwe)
_H1
_I0.00
_jGOV.ZAM(02)1981/7A
_M1
_UAVAILABLE
_WMay 26, 2009
_y03004061
_ZZambiana Collection
995 _aSPECIAL COLLECTIONS
_D0.00
_e03004134
_FCBU-MAIN LIBRARY (Kitwe)
_H1
_I0.00
_jGOV.ZAM(02)1981/7B
_M2
_UAVAILABLE
_WJun 16, 2009
_y03004134
_ZZambiana Collection
995 _aSPECIAL COLLECTIONS
_D0.00
_e03004135
_FCBU-MAIN LIBRARY (Kitwe)
_H1
_I0.00
_jGOV.ZAM(02)1981/7A
_M3
_UAVAILABLE
_WJun 16, 2009
_y03004135
_ZZambiana Collection
999 _c82880
_d82880